000 00349 a2200145 4500
001 155234
040 _cEscola São Tomás de Aquino
100 _aCERROLAZA, Óscar
240 1 0 _aPlanet@ 2
_lpor
245 1 0 _aPlanet@ 2
300 _a158
362 0 _a1999
697 _aSistemas de escrita, fonologia, fonética da norma espanhola
942 _cBK
999 _c155234
_d155234